000 00446nam a2200181Ia 4500
005 20250425161006.0
008 250425s9999 xx 000 0 und d
041 _aspa
082 _a928.866
100 _aVIEIRA HERRERA, LEON EFRAIN
245 0 _aDOCE ESCRITORES ECUATORIANOS CONTEMPORANEOS Y UNA GLOSA
250 _a1A ED.
260 _aEcuador
_bS.E.
_c1950
260 _aGUAYAQUIL
300 _a361
942 _c01
010 _a10138
999 _c200267
_d200267